| 000 | 01707nam a2200325Ia 4500 | ||
|---|---|---|---|
| 001 | ebr10038651 | ||
| 003 | CaPaEBR | ||
| 006 | m u | ||
| 007 | cr cn||||||||| | ||
| 008 | 030114s2003 dcua s 100 0 eng d | ||
| 010 | _z 2002115675 | ||
| 020 | _z0309086353 | ||
| 040 |
_aCaPaEBR _cCaPaEBR |
||
| 035 | _a(OCoLC)61519661 | ||
| 050 | 1 | 4 |
_aHV7419.5 _b.M32 2003eb |
| 245 | 0 | 0 |
_aMeasurement problems in criminal justice research _h[electronic resource] : _bworkshop summary / _cJohn V. Pepper and Carol V. Petrie ; Committee on Law and Justice and Committee on National Statistics, Division of Behavioral and Social Sciences and Education, National Research Council. |
| 260 |
_aWashington, D.C. : _bNational Academies Press, _cc2003. |
||
| 300 |
_aix, 100 p. : _bill. |
||
| 500 | _aWorkshop convened on July 24, 2000 "to examine an array of measurement issues in the area of crime victimization and offending and to explore possible areas for future research to improve measurement methods"--p. 1. | ||
| 533 |
_aElectronic reproduction. _bPalo Alto, Calif. : _cebrary, _d2009. _nAvailable via World Wide Web. _nAccess may be limited to ebrary affiliated libraries. |
||
| 650 | 0 |
_aCriminal justice, Administration of _xResearch _zUnited States. |
|
| 650 | 0 |
_aCriminal statistics _xMeasurement _zUnited States. |
|
| 650 | 0 |
_aCriminology _xMethodology _zUnited States. |
|
| 650 | 0 |
_aVictims of crimes surveys _zUnited States. |
|
| 655 | 7 |
_aElectronic books. _2local |
|
| 700 | 1 |
_aPepper, John, _d1964- |
|
| 700 | 1 | _aPetrie, Carol. | |
| 710 | 2 | _aebrary, Inc. | |
| 856 | 4 | 0 |
_uhttp://site.ebrary.com/lib/rucke/Doc?id=10038651 _zAn electronic book accessible through the World Wide Web; click to view |
| 999 |
_c164560 _d164560 |
||